[Event "POL-chT 1st League"]
[Site "Sypniewo"]
[Date "2022.09.09"]
[Round "7.7"]
[White "Murdzia, Piotr"]
[Black "Licznerski, Lukasz"]
[Result "1/2-1/2"]
[WhiteElo "2423"]
[BlackElo "2447"]
[PlyCount "75"]
[EventDate "2022.09.03"]
[EventType "team-swiss"]
[EventRounds "9"]
[EventCountry "POL"]
[SourceTitle "CBM 210 Extra"]
[Source "ChessBase"]
[SourceDate "2022.11.30"]
[SourceVersion "1"]
[SourceVersionDate "2022.11.30"]
[SourceQuality "1"]
[WhiteTeam "Bydgoszcz Hetman"]
[BlackTeam "Stara Wies Parnas"]
[WhiteTeamCountry "POL"]
[BlackTeamCountry "POL"]

1. d4 Nf6 2. c4 g6 3. Nc3 d5 4. cxd5 Nxd5 5. e4 Nxc3 6. bxc3 Bg7 7. Bc4 c5 8. Ne2 Nc6 9. Be3 0-0 10. 0-0 Qc7 11. Qd2 b6 12. Rfd1 e6 13. Bh6 Bxh6 14. Qxh6 Na5 15. Bb3 Nxb3 16. axb3 e5 17. dxe5 Qxe5 18. Qf4 Qxf4 19. Nxf4 Bb7 20. f3 f5 21. e5 Rf7 22. h4 Re7 23. Kf2 Kf7 24. Re1 Bc8 25. c4 Be6 26. Rad1 a5 27. Rd6 Rb8 28. Rc6 a4 29. bxa4 Bxc4 30. Rb1 Rxe5 31. Rbxb6 Ra8 32. Rb7+ Re7 33. Rcc7 Rxc7 34. Rxc7+ Kf6 35. Rc6+ Ke7 36. Rxc5 Rxa4 37. Rc7+ Kf6 38. Kg3 1/2-1/2

[Event "POL-chT 1st League"]
[Site "Sypniewo"]
[Date "2022.09.05"]
[Round "3.8"]
[White "Murdzia, Piotr"]
[Black "Piesik, Piotr"]
[Result "1/2-1/2"]
[WhiteElo "2423"]
[BlackElo "2431"]
[PlyCount "77"]
[EventDate "2022.09.03"]
[EventType "team-swiss"]
[EventRounds "9"]
[EventCountry "POL"]
[SourceTitle "CBM 210 Extra"]
[Source "ChessBase"]
[SourceDate "2022.11.30"]
[SourceVersion "1"]
[SourceVersionDate "2022.11.30"]
[SourceQuality "1"]
[WhiteTeam "Bydgoszcz Hetman"]
[BlackTeam "Rybnik"]
[WhiteTeamCountry "POL"]
[BlackTeamCountry "POL"]

1. e4 e6 2. d4 d5 3. Nd2 c5 4. exd5 Qxd5 5. Ngf3 cxd4 6. Bc4 Qd6 7. 0-0 Nf6 8. Nb3 Nc6 9. Nbxd4 Nxd4 10. Nxd4 a6 11. Re1 Qc7 12. Bf1 Bd6 13. Nf5 Bxh2+ 14. Kh1 0-0 15. Nxg7 Rd8 16. Bd3 Kxg7 17. Qd2 Ng8 18. Qg5+ Kh8 19. f4 f6 20. Qh4 Qg7 21. Kxh2 Ne7 22. Re3 Rg8 23. Rg3 Qxg3+ 24. Qxg3 Rxg3 25. Kxg3 Bd7 26. Kf2 h5 27. Bd2 Kg7 28. Rh1 Rh8 29. g3 Bc6 30. Rh2 Nf5 31. Be2 h4 32. gxh4 Rxh4 33. Rxh4 Nxh4 34. Ke3 Nf5+ 35. Kd3 e5 36. fxe5 fxe5 37. c4 Kf6 38. Bc3 Nd6 39. b3 1/2-1/2

[Event "POL-chT 1st League"]
[Site "Sypniewo"]
[Date "2022.09.04"]
[Round "2.11"]
[White "Mickiewicz, Piotr"]
[Black "Murdzia, Piotr"]
[Result "1/2-1/2"]
[WhiteElo "2284"]
[BlackElo "2423"]
[PlyCount "89"]
[EventDate "2022.09.03"]
[EventType "team-swiss"]
[EventRounds "9"]
[EventCountry "POL"]
[SourceTitle "CBM 210 Extra"]
[Source "ChessBase"]
[SourceDate "2022.11.30"]
[SourceVersion "1"]
[SourceVersionDate "2022.11.30"]
[SourceQuality "1"]
[WhiteTeam "Zielonka Zieloni"]
[BlackTeam "Bydgoszcz Hetman"]
[WhiteTeamCountry "POL"]
[BlackTeamCountry "POL"]

1. Nf3 d5 2. e3 Nf6 3. b3 e6 4. Bb2 Be7 5. c4 0-0 6. g3 b6 7. Bg2 Bb7 8. 0-0 dxc4 9. bxc4 c5 10. Ne5 Qc7 11. f4 Nbd7 12. Qe2 Nxe5 13. Bxe5 Qd7 14. a4 Rfd8 15. Ra3 Bxg2 16. Kxg2 a6 17. Qf3 Ra7 18. Rc1 Rb7 19. Rcc3 Qc8 20. Rab3 Ne8 21. Rc2 f6 22. Ba1 Nd6 23. d3 Nf5 24. Nd2 Rbd7 25. Qe4 Kf7 26. Nf3 h5 27. h3 Qb7 28. Qxb7 Rxb7 29. Kf2 Nd6 30. Ra2 Rdb8 31. Nd2 Ke8 32. Bc3 Kd7 33. g4 hxg4 34. hxg4 Rh8 35. Nf3 Kc6 36. Kg2 Rd7 37. Rab2 Bd8 38. Rb1 Bc7 39. e4 Nc8 40. Bd2 Rhd8 41. Ne1 Rh8 42. Nf3 Rhd8 43. Ne1 Rh8 44. Nf3 Rhd8 45. Ne1 1/2-1/2

[Event "POL-ch Ekstraliga-A Rapid"]
[Site "Bydgoszcz"]
[Date "2022.03.12"]
[Round "7.1"]
[White "Molenda, Marcin"]
[Black "Murdzia, Piotr"]
[Result "0-1"]
[WhiteElo "2365"]
[BlackElo "2423"]
[PlyCount "64"]
[EventDate "2022.03.11"]
[EventType "team-tourn (rapid)"]
[EventRounds "10"]
[EventCountry "POL"]
[SourceTitle "CBM 207 Extra"]
[Source "ChessBase"]
[SourceDate "2022.05.31"]
[SourceVersion "1"]
[SourceVersionDate "2022.05.31"]
[SourceQuality "1"]
[WhiteTeam "Jastrzebie Zdroj Pionier"]
[BlackTeam "Bydgoszcz Hetman"]
[WhiteTeamCountry "POL"]
[BlackTeamCountry "POL"]

1. d4 Nf6 2. c4 c5 3. d5 b5 4. cxb5 a6 5. e3 g6 6. Nc3 Bg7 7. Nf3 0-0 8. Be2 axb5 9. Bxb5 Ba6 10. Be2 d6 11. 0-0 Nbd7 12. h3 Qb6 13. e4 Rfb8 14. Rb1 Bxe2 15. Qxe2 Qa6 16. Qc2 Nb6 17. b3 Ne8 18. Bb2 Nc7 19. Rfe1 Qa5 20. e5 Nd7 21. exd6 exd6 22. Re7 Rd8 23. Rd1 Nf6 24. Ne4 Qxa2 25. Rxc7 Nxe4 26. Qxe4 Qxb2 27. Rxf7 Ra1 28. Rxa1 Qxa1+ 29. Kh2 Kxf7 30. Ng5+ Kf8 31. Ne6+ Ke7 32. Nxd8+ Qe5+ 0-1

[Event "POL-ch Ekstraliga-A Rapid"]
[Site "Bydgoszcz"]
[Date "2022.03.11"]
[Round "2.1"]
[White "Murdzia, Piotr"]
[Black "Molenda, Marcin"]
[Result "0-1"]
[WhiteElo "2423"]
[BlackElo "2365"]
[PlyCount "128"]
[EventDate "2022.03.11"]
[EventType "team-tourn (rapid)"]
[EventRounds "10"]
[EventCountry "POL"]
[SourceTitle "CBM 207 Extra"]
[Source "ChessBase"]
[SourceDate "2022.05.31"]
[SourceVersion "1"]
[SourceVersionDate "2022.05.31"]
[SourceQuality "1"]
[WhiteTeam "Bydgoszcz Hetman"]
[BlackTeam "Jastrzebie Zdroj Pionier"]
[WhiteTeamCountry "POL"]
[BlackTeamCountry "POL"]

1. d4 d5 2. c4 c6 3. Nf3 Nf6 4. g3 dxc4 5. Bg2 Nbd7 6. 0-0 e6 7. a4 Be7 8. Na3 c3 9. bxc3 0-0 10. Nc4 Nd5 11. Qb3 b6 12. e4 N5f6 13. Nfe5 Bb7 14. Na5 bxa5 15. Qxb7 Nxe5 16. dxe5 Ng4 17. Bf4 Bc5 18. Bf3 Nxf2 19. Rxf2 Bxf2+ 20. Kxf2 Rb8 21. Qa6 Rb2+ 22. Kg1 Qc7 23. Rf1 Rfb8 24. Rf2 Rxf2 25. Kxf2 Rb2+ 26. Be2 Qb6+ 27. Qxb6 axb6 28. Be3 b5 29. Bc5 Rc2 30. Ke3 Rxc3+ 31. Kd4 Rb3 32. Bd1 Rb2 33. Kc3 Rxh2 34. Bb6 bxa4 35. Bxa4 Rg2 36. Bxc6 Rxg3+ 37. Kd4 h5 38. Bxa5 h4 39. Be1 Rg4 40. Ke3 h3 41. Kf3 h2 42. Kxg4 h1Q 43. Bg3 Qd1+ 44. Kh3 Qb3 45. Bd7 Qc4 46. Kh2 Qe2+ 47. Kh3 Qxe4 48. Bb5 Qf5+ 49. Kg2 Qc2+ 50. Kh3 Qe4 51. Kh2 g5 52. Bf1 Qh7+ 53. Kg1 Qb1 54. Kg2 Qc2+ 55. Kg1 g4 56. Bg2 Kg7 57. Bf1 Kg6 58. Bg2 Qd1+ 59. Kh2 Qe2 60. Kg1 f6 61. exf6 Kxf6 62. Kh2 e5 63. Bh4+ Kf5 64. Bd8 g3+ 0-1

[Event "POL-chT Ekstraliga"]
[Site "Warsaw"]
[Date "2020.08.30"]
[Round "5.2"]
[White "Murdzia, Piotr"]
[Black "Jakubowski, Krzysztof"]
[Result "1/2-1/2"]
[WhiteElo "2423"]
[BlackElo "2481"]
[PlyCount "86"]
[EventDate "2020.08.26"]
[EventType "team-tourn"]
[EventRounds "9"]
[EventCountry "POL"]
[SourceTitle "CBM 198 Extra"]
[Source "ChessBase"]
[SourceDate "2020.11.30"]
[SourceVersion "1"]
[SourceVersionDate "2020.11.30"]
[SourceQuality "1"]
[WhiteTeam "Legnica Miedz"]
[BlackTeam "Raciborz Silesia"]
[WhiteTeamCountry "POL"]
[BlackTeamCountry "POL"]

1. d4 Nf6 2. c4 e6 3. Nf3 b6 4. g3 Bb7 5. Bg2 Be7 6. 0-0 0-0 7. d5 exd5 8. Nh4 c6 9. cxd5 Nxd5 10. Nf5 Nc7 11. Nc3 Ne6 12. e4 d6 13. Qg4 Nd7 14. Bf4 Ne5 15. Nh6+ Kh8 16. Nxf7+ Rxf7 17. Qxe6 Qf8 18. Ne2 Ba6 19. Nd4 Re8 20. Rfd1 Bg5 21. Bxg5 Rxe6 22. Nxe6 Qb8 23. f4 Nc4 24. Bf1 h6 25. b3 Ne3 26. Bxa6 Nxd1 27. Rxd1 hxg5 28. Nxg5 Re7 29. Be2 g6 30. Kg2 b5 31. h4 Kg7 32. h5 gxh5 33. Bxh5 c5 34. Be2 Re8 35. e5 dxe5 36. Rd7+ Kg8 37. Bf3 e4 38. Bxe4 Rxe4 39. Nxe4 Qa8 40. Kf3 Qc6 41. Rd6 Qc7 42. Rd7 Qc6 43. Rd6 Qc7 1/2-1/2

[Event "CZE-chT1E 1920"]
[Site "Czech Republic"]
[Date "2019.10.20"]
[Round "1.3"]
[White "Husek, Martin"]
[Black "Murdzia, Piotr"]
[Result "1/2-1/2"]
[WhiteElo "2192"]
[BlackElo "2425"]
[PlyCount "120"]
[EventDate "2019.10.20"]
[EventType "team-tourn"]
[EventRounds "11"]
[EventCountry "CZE"]
[SourceTitle "CBM 192 Extra"]
[Source "Chessbase"]
[SourceDate "2019.11.06"]
[SourceVersion "1"]
[SourceVersionDate "2019.11.06"]
[SourceQuality "1"]
[WhiteTeam "Stare Mesto"]
[BlackTeam "Poruba Slavoj II"]
[WhiteTeamCountry "CZE"]
[BlackTeamCountry "CZE"]

1. e4 e5 2. Nf3 Nc6 3. Bb5 a6 4. Ba4 Nf6 5. 0-0 Be7 6. Re1 b5 7. Bb3 d6 8. a4 Rb8 9. axb5 axb5 10. c3 0-0 11. d4 Qd7 12. Na3 Re8 13. Nc2 exd4 14. cxd4 Bf8 15. e5 dxe5 16. d5 e4 17. dxc6 Qxd1 18. Rxd1 exf3 19. Bf4 Be6 20. Bxe6 fxe6 21. Bxc7 Rbc8 22. Be5 Ng4 23. Bg3 Rxc6 24. Nd4 Rc5 25. Nxf3 e5 26. h3 Nf6 27. b4 Rc3 28. Ra5 e4 29. Ne1 e3 30. fxe3 Ne4 31. Kh2 Rxe3 32. Nf3 Bxb4 33. Ra7 Nxg3 34. Kxg3 Bc3 35. Rb7 b4 36. Rdd7 h6 37. Kh2 R3e4 38. Rdc7 Bf6 39. Rd7 R8e7 40. Rxe7 Bxe7 41. Nd2 Bd6+ 42. Kg1 Re2 43. Nf3 Rc2 44. Kf1 Bc5 45. Nh4 g5 46. Nf3 Rf2+ 47. Ke1 Rxg2 48. Ne5 Bd4 49. Ng4 Bc3+ 50. Kf1 Rb2 51. Nxh6+ Kf8 52. Nf7 Kg7 53. Nxg5+ Kg6 54. Ne4 Kf5 55. Nxc3 bxc3 56. Rc7 Rc2 57. Ke1 Rc1+ 58. Ke2 Ke4 59. Rc4+ Kd5 60. Kd3 Rh1 1/2-1/2

[Event "Aegean op 42nd"]
[Site "Aghios Kirykos"]
[Date "2019.07.15"]
[Round "7"]
[White "Alexakis, Dimitris"]
[Black "Murdzia, Piotr"]
[Result "0-1"]
[WhiteElo "2456"]
[BlackElo "2412"]
[PlyCount "42"]
[EventDate "2019.07.09"]
[EventType "swiss"]
[EventRounds "9"]
[EventCountry "GRE"]
[SourceTitle "EXT 2020"]
[Source "ChessBase"]
[SourceDate "2019.10.17"]
[SourceVersion "1"]
[SourceVersionDate "2019.10.17"]
[SourceQuality "1"]

1. e4 e5 2. Nf3 Nc6 3. d4 exd4 4. Nxd4 Bc5 5. Nb3 Bb6 6. Nc3 Nf6 7. Qe2 a5 8. e5 0-0 9. exf6 a4 10. Qg4 Qxf6 11. Nd2 d5 12. Qg3 Re8+ 13. Be2 Nd4 14. Kd1 Nxe2 15. Nxe2 Bf5 16. Nf4 Rad8 17. Rb1 Rd6 18. Nd3 Rc6 19. Rf1 Qe6 20. c3 Qe2+ 21. Kc2 Re3 0-1

[Event "Aegean op 42nd"]
[Site "Aghios Kirykos"]
[Date "2019.07.14"]
[Round "6"]
[White "Murdzia, Piotr"]
[Black "Prohaszka, Peter"]
[Result "0-1"]
[WhiteElo "2412"]
[BlackElo "2598"]
[PlyCount "82"]
[EventDate "2019.07.09"]
[EventType "swiss"]
[EventRounds "9"]
[EventCountry "GRE"]
[SourceTitle "EXT 2020"]
[Source "ChessBase"]
[SourceDate "2019.10.17"]
[SourceVersion "1"]
[SourceVersionDate "2019.10.17"]
[SourceQuality "1"]

1. d4 Nf6 2. Nf3 d5 3. c4 e6 4. g3 Bb4+ 5. Bd2 Bd6 6. Bg2 c6 7. 0-0 Nbd7 8. Qb3 a5 9. Nc3 0-0 10. c5 Bc7 11. Bf4 b5 12. cxb6 Bxf4 13. gxf4 Ba6 14. Ne5 Nxe5 15. fxe5 Nd7 16. Rfc1 f6 17. e4 Nxb6 18. Re1 Bc4 19. Qc2 fxe5 20. exd5 Nxd5 21. b3 exd4 22. bxc4 Nxc3 23. Rxe6 Qg5 24. Rae1 Rad8 25. R6e5 Qf4 26. c5 Kh8 27. Bxc6 d3 28. Qxc3 Qxf2+ 29. Kh1 d2 30. Rd1 Qf1+ 31. Rxf1 Rxf1+ 32. Kg2 d1Q 33. Qe3 Rff8 34. Bf3 Qd2+ 35. Kg3 Qxa2 36. c6 Qf7 37. Qe4 Rd4 38. Qe3 Qg6+ 39. Rg5 Qd6+ 40. Kg2 Rd2+ 41. Kh3 Rd3 0-1

[Event "CZE-chT2F 1819"]
[Site "Czech Republic"]
[Date "2019.03.31"]
[Round "11.1"]
[White "Murdzia, Piotr"]
[Black "Tomaszewski, Kacper"]
[Result "1/2-1/2"]
[WhiteElo "2417"]
[BlackElo "2332"]
[PlyCount "145"]
[EventDate "2018.10.14"]
[EventType "team-tourn"]
[EventRounds "11"]
[EventCountry "CZE"]
[SourceTitle "EXT 2022"]
[Source "ChessBase"]
[SourceDate "2021.10.06"]
[SourceVersion "1"]
[SourceVersionDate "2021.10.06"]
[SourceQuality "1"]
[WhiteTeam "Poruba Slavoj II"]
[BlackTeam "Orlova Slavia II"]
[WhiteTeamCountry "CZE"]
[BlackTeamCountry "CZE"]

1. d4 Nf6 2. c4 g6 3. Nc3 d5 4. cxd5 Nxd5 5. e4 Nxc3 6. bxc3 Bg7 7. Qa4+ Qd7 8. Qb3 0-0 9. Nf3 c5 10. d5 e6 11. Bc4 exd5 12. Bxd5 Nc6 13. 0-0 Qc7 14. h3 b6 15. Bg5 Bb7 16. Rad1 Na5 17. Qc2 Kh8 18. Rfe1 Rae8 19. c4 Nc6 20. a3 Bc8 21. Qc1 f6 22. Bf4 Ne5 23. Nxe5 fxe5 24. Bg5 Bd7 25. Rd3 Ba4 26. h4 Bf6 27. Rg3 Bxg5 28. Rxg5 Qe7 29. Qc3 Qf6 30. Qg3 Qf4 31. Re3 Qxg3 32. Rexg3 Re7 33. h5 Be8 34. h6 Bf7 35. Bxf7 Rfxf7 36. Rd3 Rf8 37. Rd5 Rfe8 38. Rg3 Kg8 39. Kf1 Rf8 40. Rg5 Rfe8 41. Ke2 Kf7 42. Rg3 Re6 43. a4 R8e7 44. Rf3+ Rf6 45. a5 g5 46. Rf5 Kg6 47. Rfxe5 Rxe5 48. Rxe5 bxa5 49. Rxc5 Re6 50. Rb5 a4 51. Rb2 Kxh6 52. c5 a3 53. Ra2 Re5 54. c6 Re6 55. Kd3 Rxc6 56. Rxa3 Rd6+ 57. Ke3 a6 58. g3 Kh5 59. f3 Rb6 60. Kd4 Kg6 61. Kc5 Rb5+ 62. Kc6 h5 63. f4 Rb4 64. Kd5 Rb6 65. Kc5 Rb5+ 66. Kc4 Rb6 67. Ra5 gxf4 68. gxf4 h4 69. Rg5+ Kh6 70. Rg8 Kh5 71. Rg5+ Kh6 72. Re5 Rf6 73. Kd4 1/2-1/2

[Event "Legnica Voivoda Cup 34th"]
[Site "Legnica"]
[Date "2018.11.28"]
[Round "9"]
[White "Murdzia, Piotr"]
[Black "Wieczorek, Oskar"]
[Result "0-1"]
[WhiteElo "2411"]
[BlackElo "2468"]
[PlyCount "102"]
[EventDate "2018.11.22"]
[EventType "tourn"]
[EventRounds "9"]
[EventCountry "POL"]
[EventCategory "9"]
[SourceTitle "CBM 187 Extra"]
[Source "ChessBase"]
[SourceDate "2018.11.04"]
[SourceVersion "1"]
[SourceVersionDate "2018.11.04"]
[SourceQuality "1"]

1. d4 Nf6 2. c4 g6 3. Nc3 Bg7 4. e4 d6 5. Nf3 0-0 6. h3 e5 7. d5 a5 8. Bg5 Na6 9. Be2 Nc5 10. Nd2 Bd7 11. Nb3 Na4 12. Nxa4 Bxa4 13. Qd3 h6 14. Be3 Nd7 15. g4 Qh4 16. Rg1 Bxb3 17. Qxb3 b6 18. g5 h5 19. Qc2 Nc5 20. Bxc5 bxc5 21. Qd3 f5 22. gxf6 Rxf6 23. Rg2 Bh6 24. Kd1 Raf8 25. Kc2 Rxf2 26. Rxf2 Rxf2 27. Rf1 a4 28. Rxf2 Qxf2 29. b3 a3 30. b4 Qe1 31. bxc5 Qc1+ 32. Kb3 Qb2+ 33. Ka4 dxc5 34. Qxa3 Qxe2 35. Qxc5 Qxa2+ 36. Kb5 Qb3+ 37. Kc6 Bf8 38. Qb5 Qxh3 39. Kxc7 Qa3 40. Qc6 Qa7+ 41. Kc8 Qc5 42. Kb7 Kg7 43. Qxc5 Bxc5 44. Kc6 Bf8 45. d6 h4 46. c5 h3 47. Kb6 h2 48. d7 Be7 49. c6 h1Q 50. c7 Qb1+ 51. Ka6 Qd3+ 0-1

[Event "Legnica Voivoda Cup 34th"]
[Site "Legnica"]
[Date "2018.11.24"]
[Round "4"]
[White "Simacek, Pavel"]
[Black "Murdzia, Piotr"]
[Result "1/2-1/2"]
[WhiteElo "2503"]
[BlackElo "2411"]
[PlyCount "87"]
[EventDate "2018.11.22"]
[EventType "tourn"]
[EventRounds "9"]
[EventCountry "POL"]
[EventCategory "9"]
[SourceTitle "CBM 187 Extra"]
[Source "ChessBase"]
[SourceDate "2018.11.04"]
[SourceVersion "1"]
[SourceVersionDate "2018.11.04"]
[SourceQuality "1"]

1. e4 e5 2. Nf3 Nf6 3. Nc3 Nc6 4. d4 exd4 5. Nxd4 Bb4 6. Nxc6 bxc6 7. Bd3 d5 8. exd5 cxd5 9. 0-0 0-0 10. h3 c6 11. Qf3 Bd6 12. Bf4 Rb8 13. b3 Be6 14. Rad1 Rb4 15. Ne2 Bxf4 16. Nxf4 Qd6 17. c4 a5 18. Bc2 Re8 19. Rfe1 Rbb8 20. Re2 Rbd8 21. cxd5 Bxd5 22. Nxd5 cxd5 23. Rxe8+ Rxe8 24. Qc3 Qb6 25. Rd4 g6 26. Rf4 Re6 27. Bd3 Ne4 28. Bxe4 dxe4 29. Qc8+ Kg7 30. Qd7 Rf6 31. Rxf6 Qxf6 32. Qd2 Qe5 33. g3 e3 34. Qxe3 Qa1+ 35. Kg2 Qxa2 36. Qd4+ Kg8 37. Qd5 Qa3 38. g4 h6 39. h4 Qb4 40. Kg3 Kg7 41. Qe5+ Kh7 42. Qd5 Kg7 43. Qe5+ Kh7 44. Qd5 1/2-1/2

[Event "CZE-chT2F 1819"]
[Site "Czech Republic"]
[Date "2018.11.04"]
[Round "2.1"]
[White "Murdzia, Piotr"]
[Black "Dobrovolsky, Ladislav"]
[Result "1/2-1/2"]
[WhiteElo "2417"]
[BlackElo "2294"]
[PlyCount "79"]
[EventDate "2018.10.14"]
[EventType "team-tourn"]
[EventRounds "11"]
[EventCountry "CZE"]
[SourceTitle "EXT 2022"]
[Source "ChessBase"]
[SourceDate "2021.10.06"]
[SourceVersion "1"]
[SourceVersionDate "2021.10.06"]
[SourceQuality "1"]
[WhiteTeam "Poruba Slavoj II"]
[BlackTeam "Poruba Slavoj III"]
[WhiteTeamCountry "CZE"]
[BlackTeamCountry "CZE"]

1. d4 d5 2. c4 c6 3. Nf3 Nf6 4. Nc3 g6 5. cxd5 cxd5 6. Bf4 Bg7 7. e3 0-0 8. Bd3 Nc6 9. h3 Qb6 10. a3 Bf5 11. Na4 Qd8 12. Bxf5 gxf5 13. g4 Ne4 14. gxf5 Qd7 15. Rg1 Kh8 16. Ng5 Qxf5 17. Nxe4 dxe4 18. Rg5 Qxh3 19. Qh5 Qxh5 20. Rxh5 e5 21. dxe5 Rae8 22. Ke2 Nxe5 23. Rah1 f5 24. Rxh7+ Kg8 25. R7h5 Nf3 26. Rd1 Rd8 27. Bd6 Rf6 28. Be7 Rxd1 29. Kxd1 Rf7 30. Bb4 b6 31. Kc2 Rc7+ 32. Nc3 a5 33. Bd6 Rc6 34. Bf4 b5 35. Kd1 b4 36. axb4 axb4 37. Nd5 Kf7 38. Nxb4 Rb6 39. Nd5 Rxb2 40. Kc1 1/2-1/2

[Event "CZE-chT 1819"]
[Site "Czech Republic"]
[Date "2018.11.03"]
[Round "1.6"]
[White "Bernasek, Jan"]
[Black "Murdzia, Piotr"]
[Result "1-0"]
[WhiteElo "2477"]
[BlackElo "2417"]
[PlyCount "114"]
[EventDate "2018.11.03"]
[EventType "team-tourn"]
[EventRounds "11"]
[EventCountry "CZE"]
[SourceTitle "CBM 187 Extra"]
[Source "ChessBase"]
[SourceDate "2018.11.04"]
[SourceVersion "1"]
[SourceVersionDate "2018.11.04"]
[SourceQuality "1"]
[WhiteTeam "Unichess"]
[BlackTeam "Poruba Slavoj"]
[WhiteTeamCountry "CZE"]
[BlackTeamCountry "CZE"]

1. Nf3 Nf6 2. g3 d5 3. Bg2 e6 4. 0-0 Be7 5. d3 c5 6. Nbd2 0-0 7. e4 Nc6 8. Re1 Qc7 9. c3 b6 10. Qe2 a5 11. e5 Nd7 12. Nf1 Ba6 13. c4 dxc4 14. dxc4 Nd4 15. Nxd4 cxd4 16. b3 Rad8 17. Bb2 Bb4 18. Red1 Bc3 19. Bxc3 dxc3 20. f4 Nc5 21. Qc2 b5 22. Qxc3 bxc4 23. bxc4 Na4 24. Qb3 Qc5+ 25. Qe3 Qxc4 26. Rdc1 Qd4 27. Rab1 Bd3 28. Rb3 Bc4 29. Ra3 Bb5 30. Qxd4 Rxd4 31. Rc7 Rd7 32. Rc1 Rd3 33. Rb3 Rxb3 34. axb3 Nb2 35. Ra1 a4 36. Ra2 Nd1 37. Ra3 Nc3 38. Nd2 Rd8 39. bxa4 Nxa4 40. Ne4 h6 41. Nd6 Bd7 42. Rb3 f6 43. Rb7 fxe5 44. fxe5 Nc5 45. Rc7 Na6 46. Rc4 Rf8 47. Be4 Rd8 48. h4 Kf8 49. Kf2 Ke7 50. Ke3 Rf8 51. Bf3 Be8 52. Be2 Nb8 53. Rc7+ Bd7 54. Bb5 g5 55. hxg5 hxg5 56. Rb7 Rd8 57. Ne4 Kf8 1-0

[Event "POL-chT"]
[Site "Poland"]
[Date "2018.10.28"]
[Round "9.3"]
[White "Skawinski, Arkadiusz"]
[Black "Murdzia, Piotr"]
[Result "1/2-1/2"]
[WhiteElo "2425"]
[BlackElo "2414"]
[PlyCount "60"]
[EventDate "2018.06.08"]
[EventType "team-tourn"]
[EventRounds "9"]
[EventCountry "POL"]
[SourceTitle "CBM 187 Extra"]
[Source "ChessBase"]
[SourceDate "2018.11.04"]
[SourceVersion "1"]
[SourceVersionDate "2018.11.04"]
[SourceQuality "1"]
[WhiteTeam "Wisznia Mala"]
[BlackTeam "Legnica Miedz"]
[WhiteTeamCountry "POL"]
[BlackTeamCountry "POL"]

1. e4 e5 2. Nf3 Nc6 3. Bb5 a6 4. Ba4 Nf6 5. 0-0 Nxe4 6. d4 b5 7. Bb3 d5 8. dxe5 Be6 9. c3 Bc5 10. Qe2 0-0 11. Be3 f6 12. Nbd2 Nxd2 13. Qxd2 Bxe3 14. Qxe3 Nxe5 15. Nxe5 fxe5 16. Qxe5 Qd7 17. Rae1 Rae8 18. Re3 Bf7 19. Qf4 Bg6 20. Qd4 c6 21. Rfe1 Qf5 22. Qd2 Rxe3 23. Rxe3 Re8 24. Bc2 Qf7 25. Bxg6 Qxg6 26. Rxe8+ Qxe8 27. Qe3 Qg6 28. g3 h6 29. b4 Kh7 30. Kg2 Qc2 1/2-1/2

[Event "POL-chT"]
[Site "Poland"]
[Date "2018.10.26"]
[Round "7.4"]
[White "Murdzia, Piotr"]
[Black "Bartel, Michal"]
[Result "1/2-1/2"]
[WhiteElo "2414"]
[BlackElo "2360"]
[PlyCount "135"]
[EventDate "2018.06.08"]
[EventType "team-tourn"]
[EventRounds "9"]
[EventCountry "POL"]
[SourceTitle "CBM 187 Extra"]
[Source "ChessBase"]
[SourceDate "2018.11.04"]
[SourceVersion "1"]
[SourceVersionDate "2018.11.04"]
[SourceQuality "1"]
[WhiteTeam "Legnica Miedz"]
[BlackTeam "Miedzyborow Wrzos"]
[WhiteTeamCountry "POL"]
[BlackTeamCountry "POL"]

1. d4 Nf6 2. c4 c5 3. d5 b5 4. cxb5 a6 5. bxa6 Bxa6 6. Nc3 d6 7. Nf3 g6 8. g3 Bg7 9. Bg2 0-0 10. 0-0 Nbd7 11. Rb1 Qa5 12. Bd2 Rfb8 13. Qc2 Ng4 14. Rfd1 Nge5 15. Nxe5 Nxe5 16. Be1 Nc4 17. Qc1 Bc8 18. b3 Ne5 19. h3 Qc7 20. Kh2 Ba6 21. f4 Nd7 22. Qc2 Qa7 23. Bf3 Nb6 24. a4 Nd7 25. Kg2 Rb6 26. Ne4 Rab8 27. Bc3 Bxc3 28. Qxc3 Qb7 29. Nd2 Rb4 30. e3 Nf6 31. e4 Rd4 32. Rbc1 h5 33. g4 Rd3 34. Qc2 h4 35. Nc4 Bxc4 36. Rxd3 Bxd3 37. Qxd3 Qxb3 38. Qxb3 Rxb3 39. Ra1 c4 40. a5 Rb2+ 41. Kf1 c3 42. Rc1 c2 43. Ke2 Ra2 44. Kd2 Rxa5 45. Rxc2 Ra7 46. g5 Nd7 47. Rc3 Nc5 48. Ke3 Ra4 49. e5 Kf8 50. Be2 Re4+ 51. Kf3 Rd4 52. exd6 exd6 53. Kg4 Rxd5 54. Kxh4 Rd4 55. Kg4 Ne6 56. Rc4 Rd2 57. Bf3 Nd4 58. Rc7 Ne6 59. Rc4 Ng7 60. Rc8+ Ke7 61. Rc7+ Ke6 62. Bb7 f5+ 63. Kf3 Nh5 64. Ke3 Rh2 65. Bc8+ Kd5 66. Bb7+ Ke6 67. Bc8+ Kd5 68. Bb7+ 1/2-1/2

[Event "Olomouc IM-B 21st"]
[Site "Olomouc"]
[Date "2018.08.15"]
[Round "6"]
[White "Murdzia, Piotr"]
[Black "Yagupov, Igor"]
[Result "1/2-1/2"]
[WhiteElo "2400"]
[BlackElo "2405"]
[PlyCount "23"]
[EventDate "2018.08.11"]
[EventType "tourn"]
[EventRounds "9"]
[EventCountry "CZE"]
[EventCategory "1"]
[SourceTitle "CBM 186 Extra"]
[Source "ChessBase"]
[SourceDate "2018.08.24"]
[SourceVersion "1"]
[SourceVersionDate "2018.08.24"]
[SourceQuality "1"]

1. c4 c6 2. Nf3 d5 3. e3 Nf6 4. Nc3 e6 5. b3 Bd6 6. Bb2 0-0 7. d4 Nbd7 8. Bd3 e5 9. cxd5 cxd5 10. dxe5 Nxe5 11. Be2 Nxf3+ 12. Bxf3 1/2-1/2

[Event "Olomouc IM-B 21st"]
[Site "Olomouc"]
[Date "2018.08.14"]
[Round "5"]
[White "Mullick, Raahil"]
[Black "Murdzia, Piotr"]
[Result "1/2-1/2"]
[WhiteElo "2201"]
[BlackElo "2400"]
[PlyCount "60"]
[EventDate "2018.08.11"]
[EventType "tourn"]
[EventRounds "9"]
[EventCountry "CZE"]
[EventCategory "1"]
[SourceTitle "CBM 186 Extra"]
[Source "ChessBase"]
[SourceDate "2018.08.24"]
[SourceVersion "1"]
[SourceVersionDate "2018.08.24"]
[SourceQuality "1"]

1. e4 c5 2. Nf3 Nc6 3. d4 cxd4 4. Nxd4 g6 5. Nc3 Bg7 6. Be3 Nf6 7. Bc4 0-0 8. Bb3 Re8 9. f3 e6 10. 0-0 d5 11. exd5 Nxd5 12. Nxd5 exd5 13. Bf2 Qg5 14. Kh1 Qh5 15. c3 Be5 16. f4 Bg4 17. Qd2 Bxd4 18. cxd4 Re2 19. Qc3 Rae8 20. Kg1 R2e4 21. Rfe1 Bd7 22. Bc2 Rxe1+ 23. Rxe1 Rxe1+ 24. Qxe1 Bf5 25. Bd1 Bg4 26. Bc2 Bf5 27. Bd1 Bg4 28. Bb3 Be6 29. Bc2 Bf5 30. Bd1 Bg4 1/2-1/2

[Event "Metz 4th"]
[Site "Metz"]
[Date "2018.07.27"]
[Round "6"]
[White "Harutyunyan, Ruben"]
[Black "Murdzia, Piotr"]
[Result "1/2-1/2"]
[WhiteElo "2303"]
[BlackElo "2410"]
[PlyCount "59"]
[EventDate "2018.07.23"]
[EventType "tourn"]
[EventRounds "9"]
[EventCountry "FRA"]
[EventCategory "4"]
[SourceTitle "CBM 185 Extra"]
[Source "ChessBase"]
[SourceDate "2018.07.29"]
[SourceVersion "1"]
[SourceVersionDate "2018.07.29"]
[SourceQuality "1"]

1. e4 c5 2. Nf3 Nc6 3. Nc3 e6 4. d4 cxd4 5. Nxd4 Nf6 6. Ndb5 Bb4 7. a3 Bxc3+ 8. Nxc3 d5 9. Bd3 0-0 10. 0-0 d4 11. Ne2 e5 12. Ng3 Bg4 13. f3 Be6 14. f4 exf4 15. Bxf4 Ng4 16. Nf5 Bxf5 17. exf5 Nf6 18. Qd2 Re8 19. Rad1 Qb6 20. Bg5 Ne5 21. Qb4 Qxb4 22. axb4 Nxd3 23. Rxd3 Rac8 24. Bxf6 gxf6 25. c3 Re2 26. Rf2 Re1+ 27. Rf1 Re2 28. Rf2 Re1+ 29. Rf1 Re2 30. Rf2 1/2-1/2